000 00343nam a2200145Ia 4500
005 20251222141933.0
008 251222s9999||||xx |||||||||||||| ||spa||
020 _a968-24-3387-8
082 _a808.027/M26
100 _aMartínez Lira, Lourdes
245 0 _aDe la Oración al Párrafo
250 _a3a.ed.
264 _bTrillas
942 _cLIB
999 _c9100
_d9100